Name the Koopalings - Statistics

General Stats
  • This quiz has been taken 174 times
  • The average score is 7 of 7
Answer Stats
Answer % Correct
Wendy
97%
Ludwig
95%
Morton
94%
Lemmy
93%
Roy
93%
Iggy
92%
Larry
92%
No matching quizzes found
Score Distribution
Percent of People with Each Score
Percentile by Number Answered
Your Score History
You have not taken this quiz